zpět

Detail výsledku týmu

Bledý Úsvit, Český Těšín

Datum a čas kvízu

25.5 Celkem bodů Celkový počet nahraných bodů na tomto kvízu bez doplňovacích otázek.
3. Pořadí na kvízu Konečné umístění týmu na tomto kvízu.

Zaznamenané odpovědi

# Otázka Odpověď Body Výsledky
1. Minulý týden navštívila Českou... Evropský parlament 0
2. Minulý týden se stala hitem so... Slovensko, ministerstvo kultury 1
3. Minulý týden v úterý oslavil p... Robbie Williams 1
4. Vědci objevili v Peru dva nové... Iron Maiden 1
5. Který norský sportovec získal... Johannes Bö 1
6. Obec s nejdelším názvem v Česk... A 0
7. Česká republika hraničí se čty... 1D 2C 3B 4A 0
8. Nejníže položené sídlo v České... Hřensko 0
9. V této otázce bude potřeba k z... 1A 2D 3B 4C 1
10. V České republice jsou čtyři ú... Krkonošský NP 1